000 01125nam a2200313 c 4500
001 000033082
003 DO-SdBNP
005 20240411134634.0
006 a||||gr|||| 00| 0
007 ta
008 100222m19691970dr r 000 e spa d
040 _aDO-SdBNP
_bspa
_cBNPHU
_erda
082 4 _a305.80097293
_bF825n, 1969
_222
100 1 _aFranco, Franklyn J.
_935813
_eautor
245 1 0 _aLos negros, los mulatos y la nación dominicana /
_cFranklyn J. Franco ; prólogo, Juan I. Jimenes Grullón.
264 _aSanto Domingo :
_bNacional,
_c1969
300 _a173 páginas completadas ;
_c17 cm.
336 _2rdacontent
_atexto
_btxt
337 _2rdamedia
_asin mediación
_bn
338 _2rdacarrier
_avolumen
_bnc
500 _aIncluye notas en las páginas [164 -175]
504 _aBibliografia : páginas [177-187].
590 _aInventariado, 2024 / MF
650 4 _aEsclavitud
_zRepública Dominicana
_xHistoria
_934179
650 4 _aNegros
_zRepública Dominicana
_xHistoria
_917935
700 1 _aJimenes Grullón, Juan I.,
_eprólogo
_935814
910 _aValidado. Control de calidad. MFF
942 _2ddc
_cLBS1
999 _c32573
_d32573